Cooperative learning in language arts: a handbook for teachers

Bewaard in:
Bibliografische gegevens
Hoofdauteur: Stahl, Robert J (Auteur)
Formaat: Boek
Taal:Engels
Gepubliceerd in: Menlo Park Addison-Wesley 1995
Reeks:Innovative Learning Publications
Onderwerpen:
Tags: Voeg label toe
Geen labels, Wees de eerste die dit record labelt!

MARC

LEADER 00000nam a2200000 a 4500
001 UCN7368
003 CL-VaPUC
008 011018e19950000US |||||||||||||||||eng|d
082 0 4 |a 371.36  |b STA  |2 21 
100 0 |a Stahl, Robert J  |e author  |9 463314 
245 1 0 |a Cooperative learning in language arts: a handbook for teachers 
300 |a 422 p 
942 |c BK 
945 |d 20011018 00:00:00  |a cmena 
260 |a Menlo Park  |b Addison-Wesley  |c 1995 
650 0 |a Aprendizaje cooperativo  |9 429183 
650 0 |a Métodos de aprendizaje  |9 334464 
650 0 |a Educación artística  |9 269035 
650 0 |a Educación lingüística  |9 306506 
650 0 |a Interpretación artística   |9 463315 
650 0 |a Estética del arte  |9 413091 
583 |a last modification  |c 20011018 00:00:00  |k Rodrigo Vera 
490 0 |a Innovative Learning Publications 
999 |c 297737  |d 297735 
952 |0 0  |1 0  |4 0  |6 371_360000000000000_STA_1995  |7 0  |8 A  |9 352694  |a FDOPOS  |b FDOPOS  |d 2019-11-21  |i 3764222  |o 371.36 STA 1995  |p 3764222  |r 2025-01-22  |w 2019-11-21  |y BK  |k MLA